Statistics for Famous People With Same Last Name

Click here to take the quiz!

General Stats

  • This quiz has been taken 1,927 times
  • The average score is 13 of 20

Answer Stats

HintAnswer% Correct
Denzel & GeorgeWashington
96%
Elvis & PriscillaPresley
95%
Mariah & DrewCarey
85%
Katy & TylerPerry
84%
Audrey & KatharineHepburn
81%
Rod & MarthaStewart
79%
Tom & James (Earl)Jones
77%
John & John (Quincy)Adams
76%
Mario & JenniferLopez
73%
Andrew & MichaelJackson
68%
Will & JohnSmith
68%
Robin & RobbieWilliams
68%
Pierre & JustinTrudeau
66%
Enrique & GabrielIglesias
63%
Jim & VanMorrison
53%
Larry & Ben (E.)King
38%
George & BenjaminHarrison
26%
Vicki & MartinLawrence
26%
Tisha & GlenCampbell
22%
Raini & RicoRodriguez
8%

Score Distribution

Percentile by Number Answered

Percent of People with Each Score

Your Score History

You have not taken this quiz